000 01037cab a2200229 4500
001 E90419
008 090401t1998 xxu||||| |||| 00| 0 eng d
035 _a(Sirsi) u84881
041 _aeng
245 _aSea Breeze Properties Ltd v Bio-Medical Systems Ltd
260 _c1998
350 _a0
490 _aScots Law Times
_v1998 SLT 320-321(3)
520 _aOuter House. 29 January 1997. Landlord and tenant - lease - construction - options clause - option exercisable "on one occasion" prior to end of any year of lease - whether exercisable on one occasion only or on one occasion in each year. Tacit relocation - options clause - option for tenant to apply to extend lease, terminate it or purchase the subjects - lease continued by tacit relocation - whether option exercisable once tacit relocation in operation.
650 _aCOMMERCIAL LEASES
650 _aLEASES
650 _aOPTIONS
650 _aTACIT RELOCATION
690 _aLANDLORD AND TENANT-CASE LAW-BUSINESS TENANCIES
942 _n0
948 _c13/03/1998
999 _c53383
_d53383